Central Library OPAC University of Rajshahi

Personnel policy : (Record no. 15685)

MARC details
000 -LEADER
fixed length control field 00762nam a22002531 4500
001 - CONTROL NUMBER
control field 15685
003 - CONTROL NUMBER IDENTIFIER
rucl marc code BD-RjUL
005 - DATE AND TIME OF LATEST TRANSACTION
control field 20211208235852.0
008 - FIXED-LENGTH DATA ELEMENTS--GENERAL INFORMATION
fixed length control field 140210s1963 ohua b 001 0 eng d
035 ## - SYSTEM CONTROL NUMBER
System control number (OCoLC)ocm00767447
System control number (BD-RjUL)15740
040 ## - CATALOGING SOURCE
Original cataloging agency DLC
Transcribing agency CMC
Modifying agency DLC
-- ZCU
-- BD-RjUL
Language of cataloging eng
041 ## - LANGUAGE CODE
Language code of text/sound track or separate title eng
082 00 - DEWEY DECIMAL CLASSIFICATION NUMBER
Classification number 658.3
Author mark and year ODP 1963
100 1# - MAIN ENTRY--PERSONAL NAME
Personal name Odiorne, George S.
9 (RLIN) 47243
245 10 - TITLE STATEMENT
Title Personnel policy :
Remainder of title issues and practices /
Statement of responsibility, etc. George S. Odiorne.
260 ## - PUBLICATION, DISTRIBUTION, ETC. (IMPRINT)
Place of publication, distribution, etc. Columbus, Ohio :
Name of publisher, distributor, etc. C. E. Merrill Books,
Date of publication, distribution, etc. 1963.
300 ## - PHYSICAL DESCRIPTION
Pagination XVII, 524 p. :
Illustrations ill. ;
Size 24 cm.
504 ## - BIBLIOGRAPHY, ETC. NOTE
Bibliography, etc Includes bibliographical references and index.
650 #0 - SUBJECT ADDED ENTRY--TOPICAL TERM
Topical term or geographic name as entry element Personnel management.
9 (RLIN) 48677
942 ## - ADDED ENTRY ELEMENTS (KOHA)
Source of classification or shelving scheme Dewey Decimal Classification
Koha item type Books
Holdings
Lost status Source of classification or shelving scheme Damaged status Not for loan Collection code Permanent Location Current Location Shelving location Date acquired Source of acquisition Cost, normal purchase price Total Checkouts Full call number Date last seen Copy number Koha item type
  Dewey Decimal Classification   Not For Loan Non-fiction Central Library, University of Rajshahi Central Library, University of Rajshahi Reading Room 15/06/1972 Swets + Zetlinger 5.70   658.3 ODP 1963 10/02/2014 C-1 Books
  Dewey Decimal Classification     Non-fiction Central Library, University of Rajshahi Central Library, University of Rajshahi   16/09/1972 Zeitlinger 5.70   658.3 ODP 1963 10/07/2019 C-2 Books